000
00338nam a22001457a 4500
008
210311b ||||| |||| 00| 0 eng d
020
_a
9780073109633
041
_a
eng
080
_2
7th
_a
338
082
_a
338
100
_a
53
101
_a
MEN
245
_a
Organizational Behavior and Management
_c
Ivancevich,J.M
942
_2
udc
_c
BK
999
_c
56347
_d
56347